United States of Europe - Statistics

General Stats
  • This quiz has been taken 486 times
  • The average score is 33 of 37
Answers on the Map
Answers color-coded by a green-red scale on the quiz's map according to % correct below.
 
Answer Stats
State % Correct
Italy
99%
Spain
99%
United Kingdom
98%
Norway
97%
Portugal
97%
Croatia
96%
Sweden
96%
Ukraine
96%
Austria
94%
Finland
94%
Germany`
94%
France
92%
Bosnia and Herzegovina
91%
Romania
91%
Switzerland
91%
Denmark
90%
Netherlands
90%
Slovenia
90%
Albania
89%
Belgium
89%
Slovakia
89%
Belarus
88%
Estonia
88%
Hungary
88%
Iceland
87%
Latvia
87%
Poland
87%
Czech Republic
86%
Lithuania
86%
Montenegro
86%
Serbia
86%
Ireland
84%
Luxembourg
84%
North Macedonia
83%
Moldova
81%
Bulgaria
80%
Kosovo
80%
No matching quizzes found
Score Distribution
Percent of People with Each Score
Percentile by Number Answered
Your Score History
You have not taken this quiz